000 00820nam0a2200277 4500
001 RU\NLR\bibl\106170
005 20260406131400.0
010 _a5-900440-54-0
021 _aRU
_b2000-15313
_9742
035 _a(NLR Aleph) 000103900
090 _a587643
_c587643
100 _a20000904d1998 |||y0rusy50 ca
101 0 _arus
102 _aRU
105 _aa |||||||||
200 1 _aСтихи
_fАгния Барто
210 _aМ.
_cОмега
_d1998
215 _a[63] с.
_cцв. ил.
_d17
225 1 _aДля самых маленьких
700 1 _4070
_7ca
_8rus
_aБарто
_bА. Л.
_f1906-1981
_gАгния Львовна
_9111548
_3RU\NLR\auth\771526
801 0 _aRU
_bNLR
_c20000904
_gPSBO
801 1 _aRU
_bNLR
_c20000904
852 _aNLR
_j2000-2/1449
942 _cBOOK
980 _aNB